County Seats Of Rhode Island (Historical) - Statistics

General Stats
  • This quiz has been taken 18 times
  • The average score is 3 of 5
Answer Stats
County Shire town % Correct
__________ Providence
100%
_______ Newport
82%
_______ Bristol
55%
Washington South Kingstown
55%
Kent East Greenwich
45%
No matching quizzes found
Score Distribution
Percent of People with Each Score
Percentile by Number Answered
Your Score History
You have not taken this quiz